00337nam a22000977a 4500008004100000082001600041110003200057245009500089260004800184300000700232230621b xxu||||| |||| 00| 0 eng d a328.03bNAZ bNational Assembly of Zambia aParliamentary Procedure Abstract Series 9bPowers of parliament, privileges and immunities bNational Assembly Research Departmentc1995 a4p